| 000 | 00602nab a2200193 uc4500 | ||
|---|---|---|---|
| 001 | 368561 | ||
| 005 | 20240817092041.0 | ||
| 008 | 990420e19940601 spa | ||
| 035 | _a368561 | ||
| 035 | _a(OCoLC)819777502 | ||
| 040 | _ccomduadb | ||
| 041 | _aspa | ||
| 100 | 1 | 0 |
_aGomez Camacho, Orlando _4aut _eaut _9270645 |
| 245 | 1 | 2 | _aA construir prototipos de software |
| 650 | 7 |
_aProgramas para computador _2lemb _92723 |
|
| 650 |
_aPrototipo en ingenierÃa _936179 |
||
| 773 | 0 |
_tElectrónica & Computadores (Pereira) _gNo. 006, Jun. 1994, p. 64-68 _w939353 _x0121-9138 _0361486 |
|
| 999 |
_c109130 _d109130 |
||
| 942 | _cARIMP | ||